| 000 | 00611nam a2200157 i 4500 | ||
|---|---|---|---|
| 001 | bg | ||
| 245 | 0 | _aUrządzenia spawalnicze, narzędzia zmechanizowane, urządzenia do zabezpieczeń antykorozyjnych, urządzenia pomiarowo-kontrolne i urządzenia do badań nieniszczących. | |
| 260 |
_aWarszawa, _c1978. |
||
| 490 | 1 |
_aKatalog Maszyn i Urządzeń montażowych oraz środków transportowych ; _v4 |
|
| 830 | _aKatalog Maszyn i Urządzeń montażowych oraz środków transportowych ; | ||
| 040 | _cBPK | ||
| 041 | _apol | ||
| 080 | _a621.9:620.1 | ||
| 942 | _cKA | ||
| 008 | s pl f |000 0 pol | ||
| 999 |
_c24096 _d24096 |
||
| 856 |
_uhttp://koha.tu.koszalin.pl/cgi-bin/koha/opac-detail.pl?biblionumber=24096 _yKatalog online BPK |
||